00850nam a22002177a 4500999001900000005001700019010001500036020002600051035001400077037001300091082001300104100002700117245008000144250001600224260002500240270013000265300004900395500003900444942002700483952012200510 c175645d17564520200911154246.0 aENG-128420 c829.00a9788131731864 aEN-111952 bDBAD/PUB a621.3845 aRappaport, Theodore S. aWireless Communications: Principles and Practice/cby Theodore S. Rappaport a2nd edition aNoidabPearsonc2020 a15th floor,Tower-B,Word Trade Tower,Plot no.1,Block-C sec 16,bNoidae201301k04466540100mcompanysecretary.india@pearson.com axxiii; 693p.c23cm(pbk)bDiagrams and Tables aIncludes References, Abbrevations. 2ddccENh621.3845mWIR 001040708NFICaZLSbZLSd2020-09-11eDBAD/PUBg829.00l0o621.3845 WIRpEN-111952r2020-09-11 00:00:00v829.00yEN